| 000 | 00383cam a2200145ua 4500 | ||
|---|---|---|---|
| 041 |
_aeng _h |
||
| 082 |
_a828.09 _bCEL/HA |
||
| 100 | _aCecll, David . | ||
| 245 |
_aHardy the novelist:An essay in criticism / _cDavid cecll. _hTextual Documents |
||
| 260 |
_aLondon : _bConstable and Company Ltd , _c1963. |
||
| 300 | _a157 ; . | ||
| 504 | _a | ||
| 942 | _cBK | ||
| 999 |
_c11677 _d11677 |
||